Top 3 Smallest Countries by Continent - Statistics

General Stats
  • This quiz has been taken 34 times
  • The average score is 13 of 18
Answer Stats
Answer % Correct
Vatican City
100%
Monaco
96%
San Marino
96%
Nauru
85%
Suriname
85%
Guyana
81%
Comoros
77%
Tuvalu
77%
Saint Kitts and Nevis
73%
Sao Tome and Principe
73%
Saint Vincent and the Grenadines
69%
Singapore
69%
Uruguay
69%
Seychelles
65%
Bahrain
62%
Maldives
62%
Grenada
50%
Marshall Islands
38%
No matching quizzes found
Score Distribution
Percent of People with Each Score
Percentile by Number Answered
Your Score History
You have not taken this quiz